000 00617nam a2200205Ia 4500
003 GCL
008 140319s9999 xx 000 0 ara d
040 _aGCL /
_cGCL
082 0 4 _a811.009
_bا ش
100 1 _aعبداللطيف عبدالحليم
245 1 0 _aشعراء ما بعد الديوان /
_cعبداللطيف عبدالحليم
260 _a[S.N] :
_bمكتبة النهضة المصرية ،
_c1987
300 _a248 ص
490 _a
650 0 4 _aالشعر العربى
650 0 4 _aالادب العربى
650 0 4 _aمصر
650 0 4 _aدواوين وقصائد
942 _2ddc
_cBK
999 _c29567
_d29567